[Event "VIE-ch U15 Girls"]
[Site "Ho Chi Minh City"]
[Date "2014.07.16"]
[Round "6"]
[White "Bui, Kha Nhi"]
[Black "Tran, To Linh"]
[Result "0-1"]
[WhiteElo "1897"]
[BlackElo "1902"]
[PlyCount "76"]
[EventDate "2014.07.13"]
[EventType "swiss"]
[EventRounds "9"]
[EventCountry "VIE"]
[SourceTitle "EXT 2016"]
[Source "ChessBase"]
[SourceDate "2015.10.08"]
[SourceVersion "1"]
[SourceVersionDate "2015.10.08"]
[SourceQuality "1"]

1. e4 d5 2. Nc3 dxe4 3. Nxe4 e5 4. Nf3 Bf5 5. Bd3 Nf6 6. Qe2 Nc6 7. b3 Qe7 8. 0-0 0-0-0 9. a4 Nd4 10. Nxd4 exd4 11. Ba3 Qe6 12. Nxf6 Qxe2 13. Bxe2 gxf6 14. Bxf8 Rhxf8 15. d3 Rde8 16. Rfe1 Rg8 17. Bf3 c5 18. Rxe8+ Rxe8 19. a5 Kc7 20. h3 b6 21. axb6+ Kxb6 22. Rb1 a5 23. Bd5 Re2 24. Rc1 Be6 25. Bf3 Rd2 26. g4 f5 27. gxf5 Bxf5 28. Kg2 Kb5 29. Bh5 f6 30. Be8+ Kb4 31. Bh5 Kc3 32. Bd1 Kb2 33. Bg4 Bxg4 34. Re1 Be2 35. Rg1 Kxc2 36. Kh2 Rxd3 37. Rg7 Rxb3 38. Rxh7 d3 0-1